The question of Jean-Jacques Rousseau

Збережено в:
Бібліографічні деталі
Автор: Cassirer, Ernst (Автор)
Формат: Книга
Мова:Англійська
Опубліковано: Bloomington Indiana University 1963
Серія:A Midland Book. Philosophy
Предмети:
Теги: Додати тег
Немає тегів, Будьте першим, хто поставить тег для цього запису!

MARC

LEADER 00000nam a2200000 a 4500
001 UCZ5218
003 CL-VaPUC
008 951117e19630000US |||||||||||||||||eng|d
082 0 4 |a 194  |b CAS  |2 21 
100 0 |a Cassirer, Ernst  |e author  |9 391 
245 1 4 |a The question of Jean-Jacques Rousseau 
300 |a 129 p 
942 |c BK 
945 |d 19951117 00:00:00  |a cmena 
260 |a Bloomington  |b Indiana University  |c 1963 
600 0 |a Rousseau, Jean Jacques  |e autor  |9 255697 
650 0 |a Filosofía francesa   |9 255698 
650 0 |a Filosofía de la naturaleza  |9 265899 
650 0 |a Naturaleza humana   |9 308593 
583 |a last modification  |c 20130411 10:06:39  |k Rodrigo Vera 
490 0 |a A Midland Book. Philosophy 
999 |c 241540  |d 241538 
952 |0 0  |1 0  |4 0  |6 194_000000000000000_CAS_1963  |7 0  |8 P  |9 253885  |a BIBEDU  |b BIBEDU  |c BIBEDU_PB  |d 2019-11-19  |i 1572911  |o 194 CAS 1963  |p 1572911  |r 2024-01-25  |w 2019-11-19  |y BK  |k FIL 
952 |0 0  |1 0  |4 0  |6 194_000000000000000_CAS_1963  |7 0  |8 A  |9 253886  |a BIBDER  |b BIBDER  |d 2019-11-19  |i 1798200  |o 194 CAS 1963  |p 1798200  |r 2023-01-25  |w 2019-11-19  |y BK  |k DER